| 000 | 02040nam a22004457a 4500 | ||
|---|---|---|---|
| 003 | CHAP | ||
| 005 | 20220329140300.0 | ||
| 008 | 971013s1919 r 00010 d | ||
| 010 | _a49724 | ||
| 011 | _a50696 | ||
| 035 | _a54846 | ||
| 040 | _cCHAP | ||
| 082 |
_a338.17373 _bF4 |
||
| 110 |
_aFederación Nacional de Cafeteros de Colombia _939931 |
||
| 245 | _aInforme de labores | ||
| 260 |
_a(s.l.) : _b(s.e.), _c19 19-- |
||
| 300 | _av. | ||
| 500 | _aLa biblioteca tiene: 1977-78, 1980, 1981, 1982,1983,1984 (2v.), 1983-84 | ||
| 590 |
_aBATCH-UPD _b10 _c20130110 _lUCH01 _h2120 |
||
| 590 |
_aBATCH-UPD _b10 _c20130410 _lUCH01 _h1430 |
||
| 590 |
_aBATCH-UPD _b10 _c20130914 _lUCH01 _h0811 |
||
| 590 |
_aCONVERSION _b10 _c20130109 _lUCH01 _h1327 |
||
| 650 | 1 | 4 |
_aCafé _xAspectos económicos _xColombia. _917096 |
| 650 | 1 | 4 |
_aCafé _xEstadísticas. _917142 |
| 901 | _aBK | ||
| 942 | _cLIBRO | ||
| 949 |
_a338.17373 F4 _bBC _cLIBRO _d33724000117131 _eLIBRO _f1977-78 _h34786 _i54846 _si |
||
| 949 |
_a338.17373 F4 _bBC _cLIBRO _d33724000117149 _eLIBRO _f1980 _h54864 _i54846 _si |
||
| 949 |
_a338.17373 F4 _bBC _cLIBRO _d33724000117156 _eLIBRO _f1980 c.2 _h56414 _i54846 _si |
||
| 949 |
_a338.17373 F4 _bBC _cLIBRO _d33724000117164 _eLIBRO _f1983 c.2 _h64969 _i54846 _si |
||
| 949 |
_a338.17373 F4 _bBC _cLIBRO _d33724000117172 _eLIBRO _f1981 c.2 _h59928 _i54846 _si |
||
| 949 |
_a338.17373 F4 _bBC _cLIBRO _d33724000117198 _eLIBRO _f1982 _h60104 _i54846 _si |
||
| 949 |
_a338.17373 F4 _bBC _cLIBRO _d33724000117206 _eLIBRO _f1983-84 _h70093 _i54846 _si |
||
| 949 |
_a338.17373 F4 _bBC _cLIBRO _d33724000117214 _eLIBRO _f1983-84 c.2 _h71067 _i54846 _si |
||
| 949 |
_a338.17373 F4 _bBC _cLIBRO _d33724000117222 _eLIBRO _f1985-86 _h73178 _i54846 _si |
||
| 949 |
_a338.17373 F4 _bBC _cLIBRO _d33724000117230 _eLIBRO _f1983 _h64968 _i54846 _si |
||
| 949 |
_a338.17373 F4 _bBC _cLIBRO _d33724000117248 _eLIBRO _f1984 v.1 _h65983 _i54846 _si |
||
| 949 |
_a338.17373 F4 _bBC _cLIBRO _d33724000117255 _eLIBRO _f1984 v.2 _h65984 _i54846 _si |
||
| 949 |
_a338.17373 F4 _bBC _cLIBRO _d33724000117263 _eLIBRO _f1981 _h57095 _i54846 _si |
||
| 999 |
_c49724 _d49724 |
||